Estatísticas para Quiz da Bulgária

Clique aqui para jogar o quiz

Estatísticas Gerais

  • Esse quiz foi jogado 708 vezes
  • A pontuação média é 10 de 17

Estatísticas das Respostas

DicaResposta% Correto
CapitalSofia
94%
Países fazendo fronteira com a BulgáriaRomênia
88%
Mar no leste da BulgáriaMar Negro
85%
Países fazendo fronteira com a BulgáriaSérvia
85%
Países fazendo fronteira com a BulgáriaGrécia
83%
Países fazendo fronteira com a BulgáriaMacedónia do Norte
80%
Países fazendo fronteira com a BulgáriaTurquia
76%
Península onde a Bulgária estáBálcãs
71%
Império de onde a Bulgária ganhou independência em 1878Império Otomano
71%
Alfabeto desenvolvido pela primeira vez na Bulgária no século IXCirílico
51%
Rio na fronteira norte da BulgáriaDanúbio
48%
Bulgária ocupa o 9º lugar no consumo per capita distoÁlcool
40%
Nomeie um dos dois esportes nos quais a Bulgária ganhou
o maior número de medalhas olímpicas
Wrestling |
Levantamento de peso
35%
Moeda oficialLev
28%
Segunda maior cidadePlovdiv
23%
Maior cidade na fronteira do acimaVarna
23%
A parte sul da Bulgária é parte desta regiãoT{rácia}
22%

Distribuição das Pontuações

Percentil de Números Respondidos

Porcentagem de Pessoas com Cada Pontuação

Sua Pontuação Histórica

Você não jogou esse quiz